The toothpaste millionaire /

A young girl describes how her school friend made over a million dollars by creating and marketing a cheaper and better toothpaste.

Bibliographic Details
Main Author: Merrill, Jean
Corporate Author: Bank Street College of Education
Other Authors: Palmer, Jan (Janice)
Format: Book
Language:English
Published: Boston : Houghton Mifflin, [1972]
Subjects:

MARC

Tag First Indicator Second Indicator Subfields
LEADER 00000cam a2200000 a 4500
001 in00000084774
005 20160107153723.0
008 740806s1972 maua j 00011 engm
010 |a  73022055  
020 |a 0395185114 
020 |a 0395111862 (pbk.) 
035 |a (OCoLC)02696176 
035 |9 AAH6696AM 
040 |a DLC  |c DLC  |d m.c.  |d TXA  |d UtOrBLW 
049 |a [Curr Col] TXAM  |c [388455] 
050 0 0 |a PZ7 M54535  |b To 
082 0 |a [Fic] 
100 1 |a Merrill, Jean. 
245 1 4 |a The toothpaste millionaire /  |c by Jean Merrill ; prepared by the Bank Street College of Education ; illustrated by Jan Palmer. 
264 1 |a Boston :  |b Houghton Mifflin,  |c [1972] 
264 4 |c ©1972 
300 |a 90 pages :  |b illustrations ;  |c 24 cm. 
336 |a text  |b txt  |2 rdacontent 
337 |a unmediated  |b n  |2 rdamedia 
338 |a volume  |b nc  |2 rdacarrier 
520 |a A young girl describes how her school friend made over a million dollars by creating and marketing a cheaper and better toothpaste. 
586 |a Dorothy Canfield Fisher Children's Book Award, 1976 
650 1 |a Business enterprises  |x Fiction. 
700 1 |a Palmer, Jan  |q (Janice) 
710 2 |a Bank Street College of Education. 
999 |a MARS 
999 f f |s 18123c1b-96a7-3b0b-afdf-fe004f78bf9a  |i ed66757b-aa78-3787-b352-312750eae25a  |t 0 
952 f f |p normal  |a Texas A&M University  |b College Station  |c Sterling C. Evans Library  |d Evans: Curriculum Collection (4th floor)  |t 0  |e PZ7 M54535 To  |h Library of Congress classification  |i unmediated -- volume  |m A14805954340 
998 f f |a PZ7 M54535 To  |t 0  |l Evans: Curriculum Collection (4th floor)